| 000 | 00541nam a2200205Ia 4500 | ||
|---|---|---|---|
| 005 | 20250923150135.0 | ||
| 008 | 008 250917s9999 xx 000 0 eng d | ||
| 037 | _aTextual | ||
| 040 |
_aDSWL _beng _cDSWL |
||
| 041 |
_aeng _2eng |
||
| 084 | _qDSWL | ||
| 100 |
_aMahipal _9842693 |
||
| 245 | 0 |
_aGap between needs and resources of panchayats in India _c by Mahipal |
|
| 260 |
_aNew Delhi _b Mittal Publications _c2003 |
||
| 300 | _a156p. | ||
| 365 |
_aINR _b295 |
||
| 925 | _g295 | ||
| 942 | _cTEXL | ||
| 999 |
_c1460019 _d1460019 |
||